<?xml version="1.0" encoding="UTF-8"?>
<record
    xmlns:xsi="http://www.w3.org/2001/XMLSchema-instance"
    xsi:schemaLocation="http://www.loc.gov/MARC21/slim http://www.loc.gov/standards/marcxml/schema/MARC21slim.xsd"
    xmlns="http://www.loc.gov/MARC21/slim">

  <leader>02870nab a2200277uuc4500</leader>
  <controlfield tag="001">1235243</controlfield>
  <controlfield tag="005">20240202101018.0</controlfield>
  <controlfield tag="008">110314e20100601                    spa  </controlfield>
  <datafield tag="035" ind1=" " ind2=" ">
    <subfield code="a">1235243</subfield>
  </datafield>
  <datafield tag="035" ind1=" " ind2=" ">
    <subfield code="a">(OCoLC)820579190</subfield>
  </datafield>
  <datafield tag="040" ind1=" " ind2=" ">
    <subfield code="c">comduadb</subfield>
  </datafield>
  <datafield tag="041" ind1=" " ind2=" ">
    <subfield code="a">spa</subfield>
  </datafield>
  <datafield tag="100" ind1="1" ind2="0">
    <subfield code="a">M&#xE1;rquez Hern&#xE1;ndez, Javier Dario</subfield>
    <subfield code="4">aut</subfield>
    <subfield code="e">aut</subfield>
    <subfield code="9">568997</subfield>
  </datafield>
  <datafield tag="245" ind1="1" ind2="0">
    <subfield code="a">Espondiloartritis en el Hospital Pablo Tob&#xF3;n Uribe. Descripci&#xF3;n de una cohorte</subfield>
  </datafield>
  <datafield tag="520" ind1="3" ind2=" ">
    <subfield code="a">Las espondiloartritis comparten un contexto ambiental, gen&#xE9;tico y cl&#xED;nico. Objetivo. Conocer y describir el comportamiento demogr&#xE1;fico, cl&#xED;nico y radiol&#xF3;gico de pacientes con espondiloartritis en el Hospital Pablo Tob&#xF3;n desde el 1 de enero de 2005 hasta el 31 de diciembre de 2008. Materiales y m&#xE9;todos. Este es un estudio descriptivo, observacional, de corte transversal. Se emple&#xF3; estad&#xED;stica descriptiva para las variables demogr&#xE1;ficas, cl&#xED;nicas, radiol&#xF3;gicas y los diversos tipos de tratamiento. Resultados. 71 pacientes fueron identificados. Las caracter&#xED;sticas cl&#xED;nicas m&#xE1;s importantes fueron: dolor lumbar inflamatorio en el 84% de los pacientes, entesopat&#xED;a, 67%; artritis perif&#xE9;rica, 64% y dolor gl&#xFA;teo alternante, 57%. Las articulaciones comprometidas con mayor frecuencia fueron: sacroil&#xED;acas, 62%; tobillos, 32%; rodillas, 30%; tarso, 14%. El 64% present&#xF3; sacroilitis radiol&#xF3;gica. Las manifestaciones extraarticulares m&#xE1;s frecuentes fueron: dactilitis, 22%; uve&#xED;tis, 19%; compromiso renal, 5% y fibrosis pulmonar, 1%. Los &#xED;ndices de actividad (BASDAI) fueron de 4.82 y la funci&#xF3;n (BASFI) de 4. 54% y 34% de los pacientes ten&#xED;an eritrosedimentaci&#xF3;n y PCR elevada, respectivamente. El HLA B27 + en el 52%. Los DMARDs (sulfasalazina y metotrexate) fueron los medicamentos m&#xE1;s usados en el 68% de los casos. Le siguieron los AINES en el 52% y los medicamentos anti-TNF en el 42% de los pacientes (Infliximab 20%, adalimumab 16% y etanercept 6%). Conclusi&#xF3;n. Nuestros pacientes ten&#xED;an una enfermedad activa y con limitaci&#xF3;n funcional. Se encontr&#xF3; un alto porcentaje de pacientes con espondiloartritis indiferenciada. La dactilitis fue la manifestaci&#xF3;n extraarticular m&#xE1;s frecuente y el compromiso radiol&#xF3;gico fue similar al descrito en la literatura.</subfield>
  </datafield>
  <datafield tag="650" ind1=" " ind2=" ">
    <subfield code="a">Espondiloartritis</subfield>
    <subfield code="9">85324</subfield>
  </datafield>
  <datafield tag="700" ind1="1" ind2="0">
    <subfield code="a">Pinto Pe&#xF1;aranda, Luis Fernando</subfield>
    <subfield code="4">aut</subfield>
    <subfield code="e">aut</subfield>
    <subfield code="9">320532</subfield>
  </datafield>
  <datafield tag="700" ind1="1" ind2="0">
    <subfield code="a">Candia, Dora Liliana</subfield>
    <subfield code="4">aut</subfield>
    <subfield code="e">aut</subfield>
    <subfield code="9">615103</subfield>
  </datafield>
  <datafield tag="700" ind1="1" ind2="0">
    <subfield code="a">Restrepo Escobar, Mauricio</subfield>
    <subfield code="4">aut</subfield>
    <subfield code="e">aut</subfield>
    <subfield code="9">400487</subfield>
  </datafield>
  <datafield tag="700" ind1="1" ind2="0">
    <subfield code="a">Uribe, Eliana</subfield>
    <subfield code="4">aut</subfield>
    <subfield code="e">aut</subfield>
    <subfield code="9">617753</subfield>
  </datafield>
  <datafield tag="700" ind1="1" ind2="0">
    <subfield code="a">Rinc&#xF3;n Caballero, Olga Luc&#xED;a</subfield>
    <subfield code="4">aut</subfield>
    <subfield code="e">aut</subfield>
    <subfield code="9">577464</subfield>
  </datafield>
  <datafield tag="700" ind1="1" ind2="0">
    <subfield code="a">Aristiz&#xE1;bal Bernal, Beatriz Helena</subfield>
    <subfield code="4">aut</subfield>
    <subfield code="e">aut</subfield>
    <subfield code="9">302139</subfield>
  </datafield>
  <datafield tag="700" ind1="1" ind2="0">
    <subfield code="a">Vel&#xE1;squez Franco, Carlos Jaime</subfield>
    <subfield code="4">aut</subfield>
    <subfield code="e">aut</subfield>
    <subfield code="9">625875</subfield>
  </datafield>
  <datafield tag="773" ind1="0" ind2=" ">
    <subfield code="t">Revista Colombiana de Reumatolog&#xED;a (Bogot&#xE1;)</subfield>
    <subfield code="g">Volumen 17, N&#xFA;mero 02, Junio 2010, p. 80-85</subfield>
    <subfield code="w">319250</subfield>
    <subfield code="x">0121-8123</subfield>
    <subfield code="0">102143</subfield>
  </datafield>
  <datafield tag="942" ind1=" " ind2=" ">
    <subfield code="c">ARIMP</subfield>
  </datafield>
  <datafield tag="999" ind1=" " ind2=" ">
    <subfield code="c">575111</subfield>
    <subfield code="d">575111</subfield>
  </datafield>
</record>
